| 000 | 00909nam a22002537a 4500 | ||
|---|---|---|---|
| 999 |
_c63716 _d63716 |
||
| 005 | 20240530110655.0 | ||
| 008 | 171219s2016 ua g b 000 0dara d | ||
| 017 |
_a2016/1717 _bمصر. دار الكتب |
||
| 020 | _a9789777950411 | ||
| 040 |
_aEG-CaGPL _cEG-CaGPL |
||
| 082 | 0 | 4 |
_221 _a370.11\ _bس ت |
| 100 | 0 | _aسامى محمد نصار | |
| 245 | 1 | 2 |
_aالتربية من اجل المعرفة والاختلاف / _bسامى محمد نصار . |
| 250 | _aط.1 | ||
| 260 |
_aالقاهرة : _bالدار المصرية اللبنانية ، _c2016 . |
||
| 300 |
_a206 ص. ؛ _c24 سم. |
||
| 504 | _aيشتمل على ارجاعات ببليوجرافية | ||
| 650 | 0 | 7 |
_2qrmak _aالتربية |
| 650 | 0 | 7 |
_2qrmak _aالمواطنة |
| 650 | 0 | 7 |
_2qrmak _aالتعليم الثانوى _zمصر |
| 651 | _2qrmak | ||
| 942 |
_2ddc _cBK |
||